Statistiques concernant Les Meilleurs Buteurs en LDC du Real Madrid

Cliquez ici pour prendre le quiz!

Statistiques générales

  • Ce quiz a été pris 255 fois
  • Le résultat moyen est 12 sur 21

Statistiques - réponses

ClassementButsJoueursNationalité% Correct
1105Cristinao RonaldoPortugal
100%
278Karim BenzemaFrance
96%
7.16Gareth BalePays de Galles
94%
19.8Luka ModricCroatie
87%
5.17Vinicius JuniorBrésil
81%
366Raul GonzalezEspagne
80%
17.9Zinédine ZidaneFrance
78%
11.15Sergio RamosEspagne
77%
418Rodrygo GoesBrésil
74%
7.16Luis FigoPortugal
67%
17.9MarceloBrésil
61%
19.8Angel Di MariaArgentine
51%
19.8Gonzalo HiguainArgentine
49%
7.16Roberto CarlosBrésil
45%
1512Marco AsensioEspagne
37%
13.13Ruud Van NistelrooyPays-Bas
35%
13.13Ronaldo NazarioBrésil
30%
7.16GutiEspagne
17%
5.17Fernando MorientesEspagne
16%
1610SavioBrésil
2%
11.15Ivan HelgeraEspagne
0%

Distribution des résultats

Percentile par nombre de réponses

% des personnes avec chaque résultat

Votre développement - résultats

Vous n’avez pas pris ce quiz